53 experiencias pedagógicas innovadoras en los jardines infantiles: JUNJI 2014-2017

Gardado en:
Detalles Bibliográficos
Corporate Authors: Junta Nacional de Jardines Infantiles (Author), JUNJI (Author)
Formato: Libro
Idioma:Lingua castelá
Publicado: Santiago Ediciones de la JUNJI 2017
Edición:1a. ed
Subjects:
Tags: Engadir etiqueta
Sen Etiquetas, Sexa o primeiro en etiquetar este rexistro!

MARC

LEADER 00000cam a2200000 a 4500
001 UCC5580
003 CL-VaPUC
008 181021e20170000cl |||||||||||||||||spa|d
020 |a 9789566013020 
082 0 4 |a 370.983  |b JUN  |2 21 
110 2 |a Junta Nacional de Jardines Infantiles  |e author  |9 599928 
710 2 |a JUNJI  |e author  |9 599929 
245 1 0 |a 53 experiencias pedagógicas innovadoras en los jardines infantiles: JUNJI 2014-2017 
250 |a 1a. ed 
300 |a 236 p 
942 |c BK 
945 |d 20181021 19:29:00  |a dcastane 
260 |a Santiago  |b Ediciones de la JUNJI  |c 2017 
650 0 |a Educación preescolar  |9 260381 
650 0 |a Innovaciones pedagógicas  |9 307471 
583 |a last modification  |c 20181021 19:29:00  |k Rodrigo Vera 
999 |c 372763  |d 372761 
952 |0 0  |1 0  |3 erb  |4 0  |6 370_983000000000000_JUN_2017  |7 0  |8 A  |9 490563  |a BIBEDU  |b BIBEDU  |i 5507677  |o 370.983 JUN 2017  |p 5507677  |r 2019-11-24  |w 2019-11-24  |y BK  |z Catalogado en:20181021  |k PAR